000 00465nam a2200181Ia 4500
005 20250326142034.0
008 250326s9999 xx 000 0 und d
037 _aTextbook
040 _aFMSL
_beng
_cFMSL
041 _aeng
_2eng
084 _qFMSL
100 _aThapliyal U P
_9464613
245 0 _aGazetter of rural Delhi,
_cThapliyal U P
260 _aDelhi
_bDelhi, Administration
_c1987
300 _a453p
942 _cTB
999 _c1293159
_d1293159